[Event "Moscow Open Young GM"]
[Site "Moscow RUS"]
[Date "2011.02.04"]
[Round "9"]
[White "Hess, Robert L"]
[Black "Zhigalko, Sergei"]
[Result "0-1"]
[WhiteTitle "GM"]
[BlackTitle "GM"]
[WhiteElo "2572"]
[BlackElo "2671"]
[WhiteFideId "2022036"]
[BlackFideId "13502956"]
[EventDate "2011.01.27"]

1. e4 c5 2. Nf3 Nc6 3. Bb5 e6 4. Bxc6 bxc6 5. O-O Ne7 6. d3 Ng6 7. Ng5 h6 8. Nh3
d5 9. Nc3 Be7 10. Qh5 O-O 11. f4 Rb8 12. Rf3 c4 13. Nf2 cxd3 14. cxd3 d4 15. Ne2
Rb5 16. e5 Nh4 17. Rh3 Qa5 18. Kf1 Nf5 19. Ng4 Kh7 20. Nxh6 Nxh6 21. g4 Qd8 22.
Ng1 f6 23. f5 Qe8 24. Qxe8 Rxe8 25. exf6 Bxf6 26. g5 Rxf5+ 27. Nf3 Bd8 28. gxh6
g5 29. Rg3 g4 30. Rxg4 Rxf3+ 31. Ke2 Ref8 0-1

[Event "Moscow Open Young GM"]
[Site "Moscow RUS"]
[Date "2011.02.04"]
[Round "9"]
[White "Sjugirov, Sanan"]
[Black "Krylov, Mikhail"]
[Result "1-0"]
[WhiteTitle "GM"]
[BlackTitle "IM"]
[WhiteElo "2626"]
[BlackElo "2499"]
[WhiteFideId "4189302"]
[BlackFideId "4151364"]
[EventDate "2011.01.27"]

1. e4 e5 2. Nf3 Nc6 3. Bb5 a6 4. Ba4 Nf6 5. O-O Be7 6. d3 b5 7. Bb3 d6 8. a4 Bd7
9. c3 b4 10. Nbd2 O-O 11. h3 Rb8 12. Re1 Na5 13. Bc2 c5 14. d4 Qc7 15. cxb4 Rxb4
16. dxe5 dxe5 17. b3 Be6 18. Bb2 Nd7 19. Bc3 Rb7 20. Bxa5 Qxa5 21. Bd3 Nb8 22.
Bc4 Qd8 23. Qc2 Bg5 24. Rad1 Bxd2 25. Bxe6 fxe6 26. Rxd2 Qc7 27. Qc4 Nc6 28.
Qxe6+ Kh8 29. Qd6 Re8 30. Qxc7 Rxc7 31. Rc1 Na5 32. Rc3 Nb7 33. b4 Rec8 34. b5
axb5 35. axb5 Re7 36. Rd5 Rce8 37. Ne1 Kg8 38. Nd3 Kf7 39. Nxc5 Rc8 40. Rf3+ 1-0

[Event "Moscow Open Young GM"]
[Site "Moscow RUS"]
[Date "2011.02.04"]
[Round "9"]
[White "Cheparinov, Ivan"]
[Black "Alekseev, Evgeny"]
[Result "1/2-1/2"]
[WhiteTitle "GM"]
[BlackTitle "GM"]
[WhiteElo "2665"]
[BlackElo "2701"]
[WhiteFideId "2905540"]
[BlackFideId "4138147"]
[EventDate "2011.01.27"]

1. d4 Nf6 2. c4 e6 3. Nf3 d5 4. Nc3 Bb4 5. cxd5 exd5 6. Bg5 Nbd7 7. e3 c5 8. Be2
Qa5 9. O-O c4 10. Qc2 Bxc3 11. bxc3 Ne4 12. Rac1 Nxg5 13. Nxg5 Nf6 14. e4 h6 15.
Nxf7 Kxf7 16. e5 Ne8 17. Bh5+ Ke7 18. f4 Kd8 19. f5 Bd7 20. Rce1 Qa3 21. Qd2 Bc6
22. Qf4 Kc7 23. Qg3 Kb6 24. Rb1+ Ka6 1/2-1/2

[Event "Moscow Open Young GM"]
[Site "Moscow RUS"]
[Date "2011.02.05"]
[Round "10"]
[White "Kuzubov, Yuriy"]
[Black "Alekseev, Evgeny"]
[Result "1/2-1/2"]
[WhiteTitle "GM"]
[BlackTitle "GM"]
[WhiteElo "2624"]
[BlackElo "2701"]
[WhiteFideId "14112906"]
[BlackFideId "4138147"]
[EventDate "2011.01.27"]

1. Nf3 c5 2. e4 Nc6 3. Bb5 g6 4. O-O Bg7 5. Re1 Nf6 6. e5 Nd5 7. Nc3 Nc7 8. Bxc6
dxc6 9. Ne4 b6 10. Nf6+ Kf8 11. Ne4 Bg4 12. d3 Ne6 13. Ned2 Qd5 14. h3 Bxf3 15.
Nxf3 Rd8 16. Bd2 f5 1/2-1/2

[Event "Moscow Open Young GM"]
[Site "Moscow RUS"]
[Date "2011.02.05"]
[Round "10"]
[White "Krylov, Mikhail"]
[Black "Cheparinov, Ivan"]
[Result "0-1"]
[WhiteTitle "IM"]
[BlackTitle "GM"]
[WhiteElo "2499"]
[BlackElo "2665"]
[WhiteFideId "4151364"]
[BlackFideId "2905540"]
[EventDate "2011.01.27"]

1. c4 Nf6 2. g3 e5 3. Nc3 d5 4. cxd5 Nxd5 5. Bg2 Nb6 6. Nf3 Nc6 7. O-O Be7 8. a3
O-O 9. b4 Be6 10. Rb1 f6 11. d3 Nd4 12. Bb2 Nxf3+ 13. Bxf3 c6 14. Ne4 Bd5 15.
Bc3 Rf7 16. Bh5 g6 17. Bf3 Bf8 18. a4 Rc8 19. a5 Na8 20. Bg2 Nc7 21. f4 exf4 22.
gxf4 f5 23. Ng5 Rd7 24. e4 h6 25. exd5 hxg5 26. dxc6 bxc6 27. Qb3+ Nd5 28. Be5
Bg7 29. Rbc1 gxf4 30. Bxf4 Kh7 31. Bd2 Bd4+ 32. Kh1 Ne3 33. Bxe3 Bxe3 34. Rce1
Bg5 35. Qc4 Rcc7 36. Bxc6 Rd4 37. Qc2 Rxb4 38. Re6 Qd4 39. Rg1 Rb2 40. Qa4 Bf4 0-1

[Event "Moscow Open Young GM"]
[Site "Moscow RUS"]
[Date "2011.02.05"]
[Round "10"]
[White "Rakhmanov, Aleksandr"]
[Black "Hess, Robert L"]
[Result "0-1"]
[WhiteTitle "GM"]
[BlackTitle "GM"]
[WhiteElo "2590"]
[BlackElo "2572"]
[WhiteFideId "4173708"]
[BlackFideId "2022036"]
[EventDate "2011.01.27"]

1. d4 Nf6 2. c4 e6 3. Nc3 Bb4 4. e3 O-O 5. Bd3 d5 6. Ne2 dxc4 7. Bxc4 c5 8. O-O
cxd4 9. exd4 Nc6 10. a3 Bd6 11. Qd3 b6 12. Ba2 Bb7 13. Qh3 h6 14. Be3 Ne7 15.
Rad1 Rc8 16. Bc1 Ned5 17. f4 Ba6 18. Rfe1 Qc7 19. Qf3 Bc4 20. Bxc4 Qxc4 21. f5
exf5 22. Qxf5 Rfe8 23. Rf1 Rc7 24. Nxd5 Nxd5 25. Nf4 Bxf4 26. Bxf4 g6 27. Qd3
Qxd3 28. Rxd3 Nxf4 29. Rxf4 Re2 30. b3 Rc1+ 31. Rf1 Rcc2 32. Rg3 Red2 33. h3
Rxd4 34. Re1 h5 35. Kh1 Rf4 36. Rge3 Rff2 37. Rg1 Ra2 38. a4 Rab2 39. Kh2 Kg7
40. h4 Rf4 41. Kh3 Rb4 42. Rd1 R2xb3 43. Rxb3 Rxb3+ 44. g3 Ra3 45. Rd4 Kf6 0-1

[Event "Moscow Open Young GM"]
[Site "Moscow RUS"]
[Date "2011.02.05"]
[Round "10"]
[White "Grachev, Boris"]
[Black "Chadaev, Nikolai"]
[Result "1-0"]
[WhiteTitle "GM"]
[BlackTitle "GM"]
[WhiteElo "2660"]
[BlackElo "2568"]
[WhiteFideId "4129199"]
[BlackFideId "4167392"]
[EventDate "2011.01.27"]

1. d4 Nf6 2. c4 g6 3. Nf3 Bg7 4. g3 O-O 5. Bg2 c6 6. Nc3 d5 7. cxd5 cxd5 8. Ne5
e6 9. O-O Nfd7 10. Nf3 Nc6 11. e4 dxe4 12. Nxe4 Qb6 13. Qe2 Nxd4 14. Nxd4 Qxd4
15. Rd1 Qe5 16. Rb1 Qa5 17. b4 Qa4 18. Bf4 Nf6 19. Nc3 Qe8 20. Bd6 Nd5 21. Nxd5
exd5 22. Qd2 d4 23. Re1 Qd8 24. Be7 Qb6 25. Bxf8 Kxf8 26. a4 Qd6 27. b5 Rb8 28.
a5 b6 29. Rbc1 Bd7 30. Bc6 Be6 31. Be4 Bd7 32. Bc6 Be6 33. Be4 Bd7 34. Bd3 Bf6
35. a6 Be7 36. Rc2 Kg7 37. Qc1 Bd8 38. Qf4 Be7 39. Rxe7 Qxe7 40. Qxb8 1-0

[Event "Moscow Open Young GM"]
[Site "Moscow RUS"]
[Date "2011.02.05"]
[Round "10"]
[White "Inarkiev, Ernesto"]
[Black "Safarli, Eltaj"]
[Result "1-0"]
[WhiteTitle "GM"]
[BlackTitle "GM"]
[WhiteElo "2672"]
[BlackElo "2629"]
[WhiteFideId "4162722"]
[BlackFideId "13402129"]
[EventDate "2011.01.27"]

1. d4 Nf6 2. c4 g6 3. g3 Bg7 4. Bg2 d5 5. cxd5 Nxd5 6. e4 Nb6 7. Ne2 O-O 8. O-O
c5 9. dxc5 N6d7 10. Nbc3 Nxc5 11. Be3 Nba6 12. Rc1 Nd3 13. Rc2 Ne5 14. a3 Bg4
15. h3 Bf3 16. Bxf3 Nxf3+ 17. Kg2 Ne5 18. Rd2 Qa5 19. Qb3 b5 20. Qxb5 Qxb5 21.
Nxb5 Nc4 22. Rc2 Nxe3+ 23. fxe3 Rab8 24. Nbd4 Bh6 25. Kf3 Rb6 26. Nc6 Re8 27. b4
Nb8 28. Rfc1 Ra6 29. Ne5 Rxa3 30. Rc8 Rxe3+ 31. Kf2 Rxc8 32. Rxc8+ Kg7 33. Rxb8
Rxe4 34. Nc6 Bd2 35. b5 Re6 36. Ned4 Rd6 37. Nf3 Bc3 38. Nxa7 e5 39. Re8 f5 40.
Nc8 Rd5 41. b6 Rb5 42. Re7+ Kh6 43. g4 Rb2+ 44. Ke3 fxg4 45. hxg4 Ba5 46. b7 1-0

[Event "Moscow Open Young GM"]
[Site "Moscow RUS"]
[Date "2011.02.06"]
[Round "11"]
[White "Safarli, Eltaj"]
[Black "Kuzubov, Yuriy"]
[Result "1/2-1/2"]
[WhiteTitle "GM"]
[BlackTitle "GM"]
[WhiteElo "2629"]
[BlackElo "2624"]
[WhiteFideId "13402129"]
[BlackFideId "14112906"]
[EventDate "2011.01.27"]

1. e4 c5 2. Nf3 Nc6 3. Bb5 d6 4. O-O Bd7 5. c3 Nf6 6. Re1 a6 7. Ba4 b5 8. Bc2 e5
9. h3 Be7 10. d4 Qc7 11. d5 Na7 12. Nbd2 O-O 13. Nf1 Nc8 14. g4 h5 15. N3h2 hxg4
16. hxg4 Nh7 17. Ng3 Bg5 18. Kg2 Qd8 19. Rh1 Bxc1 20. Qxc1 Qg5 21. Qxg5 Nxg5 22.
Nf3 f6 23. Nxg5 fxg5 24. Rh5 Bxg4 25. Rxg5 Bf3+ 26. Kg1 Ne7 1/2-1/2

[Event "Moscow Open Young GM"]
[Site "Moscow RUS"]
[Date "2011.02.06"]
[Round "11"]
[White "Chadaev, Nikolai"]
[Black "Inarkiev, Ernesto"]
[Result "1-0"]
[WhiteTitle "GM"]
[BlackTitle "GM"]
[WhiteElo "2568"]
[BlackElo "2672"]
[WhiteFideId "4167392"]
[BlackFideId "4162722"]
[EventDate "2011.01.27"]

1. e4 c5 2. Nf3 e6 3. g3 Nc6 4. d3 g6 5. Bg5 Qc7 6. c3 Bg7 7. Na3 a6 8. Bg2 e5
9. O-O d6 10. b4 Nge7 11. b5 Nd8 12. d4 Ne6 13. Be3 O-O 14. dxe5 dxe5 15. Qb3 b6
16. Rfd1 Bb7 17. bxa6 Bxe4 18. Nb5 Qc6 19. Rd6 c4 20. Qb2 Qc8 21. Rxb6 Nf5 22.
Nd6 Nxd6 23. Rxd6 Rxa6 24. Rxa6 Qxa6 25. a4 Qa8 26. Ne1 Bxg2 27. Nxg2 Rb8 28.
Qe2 Qa6 29. a5 e4 30. Qc2 Rb3 31. Qxe4 Rxc3 32. Bb6 Rb3 33. Rc1 h5 34. Nh4 c3
35. Nxg6 Qb5 36. Ne7+ Kh8 37. Qf3 Qg5 38. Qxf7 Qxc1+ 39. Kg2 Kh7 40. Qg8+ Kh6
41. Qxe6+ Kh7 42. Qg8+ Kh6 43. Be3+ 1-0

[Event "Moscow Open Young GM"]
[Site "Moscow RUS"]
[Date "2011.02.06"]
[Round "11"]
[White "Hess, Robert L"]
[Black "Grachev, Boris"]
[Result "1/2-1/2"]
[WhiteTitle "GM"]
[BlackTitle "GM"]
[WhiteElo "2572"]
[BlackElo "2660"]
[WhiteFideId "2022036"]
[BlackFideId "4129199"]
[EventDate "2011.01.27"]

1. c4 e6 2. Nf3 d5 3. g3 Nf6 4. Bg2 dxc4 5. Qa4+ c6 6. Qxc4 b5 7. Qc2 Bb7 8. O-O
c5 9. a4 b4 10. d3 Be7 11. Nbd2 O-O 12. a5 Nbd7 13. Nc4 Rc8 14. Bf4 Nb8 15. Rfc1
Nd5 16. Bd2 Nc6 17. Qa4 Qd7 18. Bg5 Rfd8 19. Bxe7 Qxe7 20. Ncd2 Nb8 21. Rc2 Bc6
22. Qa2 Nf6 23. Rac1 Bd5 24. Qa4 Bc6 25. Qa1 Na6 26. Nb3 Bd5 27. Nfd2 Bxg2 28.
Kxg2 e5 29. Rc4 Ne8 30. Ne4 Nd6 31. Nxd6 Qxd6 32. Kg1 Rc7 33. Qb1 Rdc8 34. Qc2
g6 35. Nd2 Rc6 36. Rh4 Nb8 37. Ne4 Qe7 38. Qc4 Nd7 39. Qb5 Kg7 40. Nd2 Nf8 41.
Re4 Qc7 42. Rec4 Ne6 43. e3 Qd8 44. Nf3 a6 45. Qa4 Qd5 46. Qd1 f6 47. Qe2 Nd8
48. Nd2 Nf7 49. Nb3 Ng5 50. e4 Qd6 51. Qe3 Ne6 52. R1c2 R8c7 1/2-1/2

[Event "Moscow Open Young GM"]
[Site "Moscow RUS"]
[Date "2011.02.06"]
[Round "11"]
[White "Cheparinov, Ivan"]
[Black "Zhigalko, Sergei"]
[Result "1/2-1/2"]
[WhiteTitle "GM"]
[BlackTitle "GM"]
[WhiteElo "2665"]
[BlackElo "2671"]
[WhiteFideId "2905540"]
[BlackFideId "13502956"]
[EventDate "2011.01.27"]

1. d4 Nf6 2. c4 e6 3. Nf3 b6 4. g3 Ba6 5. Qc2 Bb7 6. Bg2 c5 7. d5 exd5 8. cxd5
Nxd5 9. O-O Nc6 10. Rd1 Be7 11. Qf5 Nf6 12. e4 g6 13. Qf4 O-O 14. e5 Nh5 15. Qc4
Ng7 16. Bh6 Re8 17. Bxg7 Kxg7 18. Nc3 d6 19. exd6 Bf6 20. Nb5 Na5 21. Qc2 Be4
22. Qc1 Rb8 23. Nc7 Rf8 24. Qf4 Bxf3 25. Bxf3 Bxb2 26. Rab1 Qf6 27. Nb5 c4 28.
Qxf6+ Bxf6 29. Nxa7 c3 30. Rbc1 Rfd8 31. d7 b5 32. Rd5 Rb7 33. Nxb5 Rbxd7 34.
Nxc3 Rc7 35. Ne2 Rxc1+ 36. Nxc1 Nc4 37. Rxd8 Bxd8 38. Bd5 Nb6 39. Bb3 Nd7 40.
Nd3 Bb6 41. Kf1 f5 42. Ke2 Nc5 43. Nf4 Ba7 44. Nd5 h5 45. Bc2 Ne6 46. Bd3 h4 47.
a4 Nd4+ 48. Kf1 Nf3 49. Be2 Nd2+ 50. Kg2 hxg3 51. fxg3 Nb3 52. Bc4 Na5 53. Bb5
Kf7 54. Kf3 Ke6 55. Nf4+ Kf6 56. h3 Nb3 57. Kg2 g5 58. Nd3 Bb6 59. Bc4 Na5 60.
Bd5 Ke7 61. h4 Kd6 62. Bg8 gxh4 63. gxh4 Nb7 64. Kf3 Nc5 65. Nb2 Ke7 66. Bd5 Bd8
67. h5 Kf6 68. Bc6 Kg5 69. Be8 Bf6 70. Nc4 Nxa4 1/2-1/2

[Event "Moscow Open Young GM"]
[Site "Moscow RUS"]
[Date "2011.02.06"]
[Round "11"]
[White "Alekseev, Evgeny"]
[Black "Krylov, Mikhail"]
[Result "1/2-1/2"]
[WhiteTitle "GM"]
[BlackTitle "IM"]
[WhiteElo "2701"]
[BlackElo "2499"]
[WhiteFideId "4138147"]
[BlackFideId "4151364"]
[EventDate "2011.01.27"]

1. e4 e5 2. Nf3 Nc6 3. Bb5 a6 4. Ba4 Nf6 5. O-O b5 6. Bb3 Bc5 7. a4 Rb8 8. d3
O-O 9. Nc3 h6 10. axb5 axb5 11. Ne2 d6 12. Ng3 Ne7 13. c3 Ng6 14. h3 Bb6 15. d4
Re8 16. Bc2 c6 17. Be3 Bc7 18. dxe5 dxe5 19. Qxd8 Bxd8 20. Rfd1 Bb6 21. Bxb6
Rxb6 22. Ra7 Be6 23. b4 c5 24. Rc7 c4 25. Ra1 Rbb8 26. Ra5 Rec8 27. Rca7 Ne8 28.
Nf5 Kf8 29. g3 f6 30. h4 Bxf5 31. exf5 Ne7 32. Rd7 Nc6 33. Ra6 Ra8 34. Rb6 Rab8
35. Ra6 Ra8 36. Rb6 Rab8 37. Ra6 1/2-1/2